|
|
|
|
| LEADER |
01199ppm a22003018a 4500 |
| 001 |
00036568 |
| 005 |
20171026081023.0 |
| 008 |
170309s2010 ||||||Viesd |
| 041 |
0 |
# |
|a Vie
|
| 082 |
1 |
4 |
|a 371.1
|b M458S
|
| 100 |
1 |
# |
|a Dương, Chí Tâm
|
| 245 |
0 |
0 |
|a Một số giải pháp đổi mới hoạt động thanh tra Giáo Dục trên địa bàn huyện Đầm Dợi, tỉnh Cà Mau
|b Luận văn thạc Khoa học giáo dục. Chuyên ngành: Quản lí giáo dục. Mã số: 601405
|c Dương Chí Tâm; Nguyễn Thị Mỹ Trinh (hướng dẫn)
|
| 260 |
# |
# |
|c 2010
|a Vinh
|b Đại học Vinh
|
| 300 |
# |
# |
|a 97tr.
|c 30cm.
|
| 500 |
# |
# |
|a ĐTTTS ghi: Bộ giáo dục và đào tạo. Đại học Vinh
|
| 653 |
# |
# |
|a Cà Mau
|
| 653 |
# |
# |
|a Giáo dục
|
| 653 |
# |
# |
|a Đổi mới
|
| 653 |
# |
# |
|a Thanh tra giáo dục
|
| 653 |
# |
# |
|a Luận văn
|
| 700 |
1 |
# |
|e Hướng dẫn
|a Nguyễn Thị Mỹ Trinh
|
| 852 |
# |
# |
|j LV.0000953
|
| 852 |
# |
# |
|b Kho đọc SĐH
|j LV.0000953
|
| 910 |
|
|
|d 09/03/2017
|
| 980 |
# |
# |
|a Trung tâm Học liệu Lê Vũ Hùng, Trường Đại học Đồng Tháp
|